[Event "RSA-chT U14"]
[Site "Cape Town"]
[Date "2016.01.05"]
[Round "3.5"]
[White "Steyn, Francois"]
[Black "Govender, Eli Jordan"]
[Result "1/2-1/2"]
[WhiteElo "1157"]
[BlackElo "1338"]
[PlyCount "69"]
[EventDate "2016.01.04"]
[EventType "team-tourn"]
[EventRounds "7"]
[EventCountry "RSA"]
[SourceTitle "CBM 170 Extra"]
[Source "ChessBase"]
[SourceDate "2016.02.25"]
[SourceVersion "1"]
[SourceVersionDate "2016.02.25"]
[SourceQuality "1"]
[WhiteTeam "Ekurhuleni"]
[BlackTeam "Ethekwini"]
[WhiteTeamCountry "RSA"]
[BlackTeamCountry "RSA"]

1. e4 e5 2. Nf3 Nc6 3. Bc4 Nf6 4. d3 Bc5 5. Bg5 h6 6. Bh4 g5 7. Bg3 d6 8. h3 Be6 9. Nc3 Qd7 10. Qe2 0-0-0 11. 0-0-0 Rhg8 12. Nd5 Bxd5 13. Bxd5 Nxd5 14. exd5 Nb4 15. a3 Nxd5 16. Qe4 Nf6 17. Qc4 Nh5 18. Nxe5 dxe5 19. Qxc5 Nxg3 20. fxg3 Qd4 21. Qxd4 exd4 22. Rhf1 Rde8 23. Rxf7 Re2 24. Rd2 Re1+ 25. Rd1 Re2 26. Rd2 Re1+ 27. Rd1 Re2 28. Rg1 Rge8 29. Kb1 Rd2 30. Rgf1 b6 31. Rf8 Rxf8 32. Rxf8+ Kb7 33. Rh8 Rxg2 34. g4 Re2 35. Rf8 1/2-1/2